Statistics for Depeche Mode Members

Click here to take the quiz!

General Stats

  • This quiz has been taken 34 times
  • The average score is 4 of 5

Answer Stats

HintAnswer% Correct
Lead vocals (1980–present)Dave Gahan
97%
Keyboards, backing and lead vocals, guitars (1980–present)Martin Gore
97%
Keyboards, backing vocals, bass guitar (1980–present)Andrew Fletcher
90%
Keyboards, piano, backing vocals, drums (1982–1995)Alan Wilder
77%
Keyboards, lead and backing vocals, guitars (1980–1981)Vince Clarke
71%

Score Distribution

Percentile by Number Answered

Percent of People with Each Score

Your Score History

You have not taken this quiz